| 000 | 00694nam a2200193 i 4500 | ||
|---|---|---|---|
| 001 | 35117 | ||
| 003 | ES-MaACL | ||
| 005 | 20240208063058.0 | ||
| 007 | t| | ||
| 008 | 030212s1981 sp ||||1| spa d | ||
| 100 | 1 |
_aBotella Llusiá, José, _d1912-2002 _930758 |
|
| 245 | 1 | 0 |
_aSexo y sociedad _b: Origen y significado del sexo ; Atropología del sexo ; La revolución sexual : ciclo de tres conferencias / _cJosé Botella Llusiá. |
| 260 |
_aMadrid : _bInstituto de España, _c1981. |
||
| 300 |
_a56 p. ; _c24 cm. |
||
| 650 | 0 | 4 |
_aSexualidad- _xAspectos sociales. _917080 |
| 710 | 2 |
_aInstituto de España. _94873 |
|
| 852 |
_aES-MaACL _jL-5655 _bR.106191 |
||
| 999 |
_c35117 _d35117 |
||